00246nam a2200097Ia 4500008004100000041000800041100003100049245002900080260002100109365001800130240703s9999 xx 000 0 und d aeng aPapworth, Kirstie Drummond aCompassionate Leadership bDe Gruyterc2023 c b 2,460.06